Grávida no coração (Registo nº 4454)

Detalhes MARC
000 -Etiqueta do registo
Cabeçalho 00844nam0a2200289 4500
005 - Identificador da versão
Campo de controlo 20240813122101.0
010 ## - Número internacional normalizado dos livros (ISBN)
Número (ISBN) 9726105358
021 ## - Número do Depósito Legal
Código do país PT
Número 179398/02
100 ## - Dados gerais de processamento
Dados gerais de processamento 20190527d2002 a y0pory5003 ba
102 ## - Pais de publicação ou produção
País de publicação Portugal
101 0# - Língua de publicação
Língua do texto, banda sonora, etc. Português
215 ## - Descrição física 
Indicação específica da natureza do documento e extensão da espécie [27] p.
Outras indicações físicas il. color
200 1# - Titulo e menção de responsabilidade
Título próprio Grávida no coração
Primeira menção de responsabilidade Paula Pinto da Silva
Outras menções de responsabilidade il. Gémeo Luís
225 1# - Colecção 
Título próprio da colecção Palmo e meio
Indicação de volume 22
205 ## - Menção da edição
Menção da edição 1ª ed
210 ## - Publicação, Distribuição, etc. 
Lugar da edição, distribuição, etc. Porto
Nome do editor, distribuidor, etc. Campo das Letras
Data da publicação, distribuição, etc. 2002
300 ## - Notas gerais 
Texto da nota PNL
314 ## - Notas relativas a responsabilidade intelectual 
Texto da nota Gémeo Luís é pseudónimo de Luís Mendonça
606 ## - Nome comum usado como assunto
Número de registo de entrada de autoridade 0001335
Palavra de ordem Literatura portuguesa
Subdivisão de assunto Conto
Código do sistema CA
675 ## - Classificação Decimal Universal (CDU)
Notação 821.134.3-342
Edição 3ª ed.
Língua da edição por
702 #1 - Nome de autor-pessoa física (responsabilidade secundária)
Número de registo de entrada de autoridade 0002136
Palavra de ordem Luís
Outra parte do nome não tomada para palavra de ordem Gémeo
Elementos de identificação ou distinção pseud.
Datas 1965-
Código de função Ilustrador / Técnico de desenho computorizado
700 #1 - Nome de autor-pessoa física (responsabilidade principal)
Número de registo de entrada de autoridade 0001304
Palavra de ordem Silva
Outra parte do nome não tomada para palavra de ordem Paula Pinto da
966 ## - Identificação da Biblioteca
Sigla EBVEN
942 ## - Elementos de entrada adicionados (Koha)
Tipo de item no Koha Livro
Exemplares
Situação do levantamento N.º Património Origin of item (home branch) (coded) Biblioteca de empréstimo Código de barras Cota Circulation type (not for loan) Tipo de documento Nota do exemplar Damaged status
  1 Biblioteca Escolar das Vendas Biblioteca Escolar das Vendas BEV741 | 2002 8POR SIL PNL   Livro Sem mensagem